[Event "Thailand Team op"]
[Site "Bangkok"]
[Date "2022.12.04"]
[Round "3.1"]
[White "Nuchit, Apisit"]
[Black "Wattanarat, Pasawon"]
[Result "0-1"]
[WhiteElo "1331"]
[BlackElo "1914"]
[PlyCount "54"]
[EventDate "2022.12.03"]
[EventType "team-swiss"]
[EventRounds "9"]
[EventCountry "THA"]
[SourceTitle "CBM 211 Extra"]
[Source "ChessBase"]
[SourceDate "2023.01.31"]
[SourceVersion "1"]
[SourceVersionDate "2023.01.31"]
[SourceQuality "1"]
[WhiteTeam "TU CC"]
[BlackTeam "Chula Baka Bobo"]
[WhiteTeamCountry "THA"]
[BlackTeamCountry "THA"]

1. e4 c5 2. Nf3 Nc6 3. d4 cxd4 4. Nxd4 e5 5. Nf3 Nf6 6. Bc4 Be7 7. Nbd2 0-0 8. 0-0 d5 9. exd5 Nxd5 10. h3 Be6 11. Re1 f6 12. Nb3 Nc7 13. Bxe6+ Nxe6 14. Qe2 Qe8 15. Qc4 Qf7 16. c3 Rac8 17. Qe2 Rfd8 18. Bd2 Bf8 19. Red1 Ne7 20. Be3 b6 21. a4 Nd5 22. Bd2 Nef4 23. Bxf4 Nxf4 24. Qc2 Qh5 25. Nbd2 Rd3 26. Ne4 Rxf3 27. gxf3 Qxh3 0-1

[Event "THA-ch"]
[Site "Bangkok"]
[Date "2021.11.06"]
[Round "3"]
[White "Wattanarat, Pasawon"]
[Black "Laohawirapap, Prin"]
[Result "0-1"]
[WhiteElo "1923"]
[BlackElo "2125"]
[PlyCount "74"]
[EventDate "2021.11.05"]
[EventType "swiss"]
[EventRounds "9"]
[EventCountry "THA"]
[SourceTitle "CBM 205 Extra"]
[Source "ChessBase"]
[SourceDate "2022.01.31"]
[SourceVersion "1"]
[SourceVersionDate "2022.01.31"]
[SourceQuality "1"]

1. d4 Nf6 2. c4 c5 3. d5 a6 4. a4 e6 5. Nc3 Qe7 6. Nf3 d6 7. a5 g6 8. Qa4+ Nbd7 9. e4 exd5 10. cxd5 Bg7 11. Be2 0-0 12. 0-0 Ne8 13. Re1 Ne5 14. Bf4 Nxf3+ 15. Bxf3 Be5 16. Bxe5 Qxe5 17. Rad1 Nf6 18. g3 h5 19. Bg2 h4 20. f4 Qh5 21. Rd3 hxg3 22. Rxg3 Qh4 23. e5 Ng4 24. Bh3 Nxh2 25. Kxh2 Bxh3 26. f5 Qxa4 27. Nxa4 Bxf5 28. exd6 Rad8 29. Nxc5 Rxd6 30. Re5 Bc8 31. Ne4 Rdd8 32. Re7 Kg7 33. d6 Bf5 34. Rd3 Rfe8 35. Rxe8 Rxe8 36. d7 Rd8 37. Nd6 Bxd3 0-1

[Event "THA-chT"]
[Site "Bangkok"]
[Date "2015.12.12"]
[Round "8.3"]
[White "Wattanarat, Pasawon"]
[Black "Daylo, Leo Jr"]
[Result "1/2-1/2"]
[WhiteElo "1902"]
[BlackElo "2107"]
[PlyCount "117"]
[EventDate "2015.12.04"]
[EventType "team-swiss"]
[EventRounds "9"]
[EventCountry "THA"]
[SourceTitle "CBM 170 Extra"]
[Source "ChessBase"]
[SourceDate "2016.02.25"]
[SourceVersion "1"]
[SourceVersionDate "2016.02.25"]
[SourceQuality "1"]
[WhiteTeam "Chulalongkorn Univ"]
[BlackTeam "BCC Gainsfield"]
[WhiteTeamCountry "THA"]
[BlackTeamCountry "THA"]

1. d4 Nf6 2. c4 e6 3. Nc3 Bb4 4. Qc2 Nc6 5. Nf3 d6 6. e3 e5 7. d5 Bxc3+ 8. Qxc3 Nb8 9. b4 a5 10. a3 Na6 11. Bb2 0-0 12. Bd3 Qe7 13. Nd2 Bd7 14. h3 Rfb8 15. g4 c6 16. g5 Ne8 17. h4 Qd8 18. f4 axb4 19. axb4 Qb6 20. c5 Qxb4 21. fxe5 Qxc3 22. Bxc3 Nxc5 23. Bc2 Rxa1+ 24. Bxa1 Ra8 25. Bd4 cxd5 26. exd6 Rc8 27. Be5 Nd3+ 28. Bxd3 Rc1+ 29. Kf2 Rxh1 30. Bg3 Rd1 31. Ke2 Bg4+ 32. Nf3 Nxd6 33. Kxd1 Bxf3+ 34. Kc2 Nc4 35. Bf4 Na5 36. Kc3 Nc6 37. Bf5 Be2 38. Bc8 Ba6 39. Bd6 h6 40. Bf5 hxg5 41. hxg5 g6 42. Bd7 Kg7 43. Bxc6 bxc6 44. Be7 f5 45. Kd4 Kf7 46. Bd6 Ke6 47. Bf4 Be2 48. Kc5 Bf3 49. Kd4 Kd7 50. Kc5 Kc8 51. Be5 Kb7 52. Bd4 Be4 53. Be5 Ka6 54. Bd4 Ka5 55. Kxc6 Kb4 56. Kd6 Kc4 57. Ke5 Kd3 58. Kf4 Ke2 59. Be5 1/2-1/2

[Event "THA-chT"]
[Site "Bangkok"]
[Date "2015.12.05"]
[Round "4.3"]
[White "Wattanarat, Pasawon"]
[Black "Pongkiettisak, Sant"]
[Result "0-1"]
[WhiteElo "1902"]
[BlackElo "2009"]
[PlyCount "76"]
[EventDate "2015.12.04"]
[EventType "team-swiss"]
[EventRounds "9"]
[EventCountry "THA"]
[SourceTitle "CBM 170 Extra"]
[Source "ChessBase"]
[SourceDate "2016.02.25"]
[SourceVersion "1"]
[SourceVersionDate "2016.02.25"]
[SourceQuality "1"]
[WhiteTeam "Chulalongkorn Univ"]
[BlackTeam "Bangapi Surprise"]
[WhiteTeamCountry "THA"]
[BlackTeamCountry "THA"]

1. d4 e6 2. c4 c5 3. d5 exd5 4. cxd5 d6 5. Nc3 g6 6. e4 Bg7 7. Nf3 a6 8. a4 Ne7 9. Bf4 Bg4 10. Qb3 b6 11. Nd2 0-0 12. f3 Bd7 13. Bxd6 Re8 14. 0-0-0 Bxc3 15. bxc3 Nc8 16. Bf4 Na7 17. e5 b5 18. Ne4 c4 19. Qb2 Qa5 20. Nf6+ Kg7 21. h4 Qxa4 22. h5 g5 23. Nxe8+ Bxe8 24. Bxg5 Nd7 25. h6+ Kg8 26. Rh4 Nxe5 27. Bf6 Ng6 28. Re4 Bd7 29. Rde1 Nc8 30. Bxc4 bxc4 31. Qb7 Ra7 32. Re8+ Nf8 33. Bg7 Bxe8 34. Qxc8 Qa1+ 35. Kd2 Qb2+ 36. Ke3 Re7+ 37. Kd4 Qb6+ 38. Kxc4 Rc7+ 0-1

[Event "THA-chT"]
[Site "Bangkok"]
[Date "2015.12.04"]
[Round "2.3"]
[White "Wattanarat, Pasawon"]
[Black "Krachangpun, Nathat"]
[Result "1-0"]
[WhiteElo "1902"]
[BlackElo "1748"]
[PlyCount "79"]
[EventDate "2015.12.04"]
[EventType "team-swiss"]
[EventRounds "9"]
[EventCountry "THA"]
[SourceTitle "EXT 2017"]
[Source "ChessBase"]
[SourceDate "2016.10.25"]
[SourceVersion "1"]
[SourceVersionDate "2016.10.25"]
[SourceQuality "1"]
[WhiteTeam "Chulalongkorn Univ"]
[BlackTeam "Chiang Mai"]
[WhiteTeamCountry "THA"]
[BlackTeamCountry "THA"]

1. e4 c5 2. Nf3 e6 3. c4 Nc6 4. d4 cxd4 5. Nxd4 d6 6. Nc3 a6 7. Be3 Be7 8. Be2 Nf6 9. f3 0-0 10. Nxc6 bxc6 11. Qd2 Qc7 12. g4 Rd8 13. g5 Ne8 14. h4 d5 15. cxd5 cxd5 16. exd5 Bb7 17. Kf2 Bxd5 18. Nxd5 Rxd5 19. Qc3 Bc5 20. Rac1 Bxe3+ 21. Qxe3 Qb7 22. Rc2 Nd6 23. Bd3 Rd8 24. Rhc1 Qb8 25. Kg2 Qb4 26. Be4 Nxe4 27. Qxe4 Rd4 28. Rd1 g6 29. Rxd4 Qxd4 30. Qxd4 Rxd4 31. Rc8+ Kg7 32. Ra8 Rd2+ 33. Kg3 Rxb2 34. Rxa6 Rb7 35. a4 Rc7 36. a5 f6 37. Rb6 fxg5 38. hxg5 Ra7 39. a6 Kf8 40. Rb8+ 1-0

[Event "THA-ch"]
[Site "Bangkok"]
[Date "2015.11.07"]
[Round "4"]
[White "Wattanarat, Pasawon"]
[Black "Pornariyasombat, Atippat"]
[Result "1-0"]
[WhiteElo "1914"]
[BlackElo "2147"]
[PlyCount "106"]
[EventDate "2015.11.06"]
[EventType "swiss"]
[EventRounds "9"]
[EventCountry "THA"]
[SourceTitle "CBM 169 Extra"]
[Source "ChessBase"]
[SourceDate "2015.12.18"]
[SourceVersion "1"]
[SourceVersionDate "2015.12.18"]
[SourceQuality "1"]

1. d4 g6 2. e4 Bg7 3. Nf3 d6 4. Bc4 Nf6 5. e5 dxe5 6. Nxe5 0-0 7. 0-0 a6 8. c3 b5 9. Bb3 Bb7 10. Re1 Nbd7 11. Qe2 Nxe5 12. dxe5 Ne4 13. Rd1 Qc8 14. Bd5 Nc5 15. Bg5 Re8 16. Bxb7 Qxb7 17. Nd2 f6 18. Be3 Ne6 19. Qg4 f5 20. Qg3 Rf8 21. f4 Rad8 22. Nb3 Rd5 23. Nd4 Rfd8 24. b4 c5 25. bxc5 Nxc5 26. Qe1 Qd7 27. Qe2 e6 28. c4 bxc4 29. Qxc4 Bf8 30. Rab1 Ne4 31. Rb3 Bc5 32. Rbd3 Bxd4 33. Rxd4 Qb5 34. Qxb5 axb5 35. Rxd5 Rxd5 36. Rxd5 exd5 37. a3 Kf7 38. Kf1 g5 39. g3 gxf4 40. gxf4 Kg6 41. Ke2 Kh5 42. Kd3 Kg4 43. Kd4 Kf3 44. e6 Nf6 45. e7 h5 46. Ke5 Ne8 47. Bd4 h4 48. Ke6 h3 49. Kd7 Kg2 50. Kxe8 Kxh2 51. Kf7 Kg2 52. e8Q h2 53. Qe2+ Kh1 1-0